Trajektorie - výpočtový nástroj pro ASPV

Uložené v:
Podrobná bibliografia
Médium: Kniha
Jazyk:Czech
Vydavateľské údaje: Praha Výzkumný ústav plánování a řízení národního hospodářství 1983
Edícia:Výzkumná práce č. 138
Tagy: Pridať tag
Žiadne tagy, Buďte prvý, kto otaguje tento záznam!

MARC

LEADER 00000nam a2200000 4500
001 c132829
005 20041019155256.4
041 0 |a cze 
044 |a CZ 
245 1 0 |a Trajektorie - výpočtový nástroj pro ASPV 
264 1 |a Praha  |b Výzkumný ústav plánování a řízení národního hospodářství  |c 1983 
300 |a 120 s. 
490 1 |a Výzkumná práce  |v č. 138 
830 0 |a Výzkumná práce  |v č. 138